Catalog

Record Details

Catalog Search



Co sluší uvážiti o sv. Janu Nepomuckém Proč nedošlo k svatořečení Jana Nepomuckého : k dvěstěletému jubileu jeho svatořečení 19. března 1929 Cover Image Book Book

Co sluší uvážiti o sv. Janu Nepomuckém Proč nedošlo k svatořečení Jana Nepomuckého : k dvěstěletému jubileu jeho svatořečení 19. března 1929 Josef Rybák ; Jan Nep. Sedlák

Rybák, Josef (Author). Sedlák, Jan Nep. (Added Author).

Record details

  • Physical Description: 84 s.
  • Publisher: Praha Dědictví sv. Jana Nepomuckého 1929

Available copies

  • 1 of 1 copy available at Common Catalog SPOK.

Holds

  • 0 current holds with 1 total copy.
Show Only Available Copies
Location Call Number / Copy Notes Barcode Shelving Location Status Due Date
ETS Library 282.092 424470002667 Volný výběr Available -

LDR 00938nam a2 00241
00136664
003CZ-PrJAB
00520030506000000.0
008010802s1929 xr e |||| |cze
009cz
035 . ‡a(CONS)7386
035 . ‡aKPS9103
040 . ‡aABG450
041 . ‡acze
08214. ‡a282.092
100 . ‡73997 ‡aRybák, Josef
245 . ‡aCo sluší uvážiti o sv. Janu Nepomuckém ‡aProč nedošlo k svatořečení Jana Nepomuckého : ‡bk dvěstěletému jubileu jeho svatořečení 19. března 1929 ‡cJosef Rybák ; Jan Nep. Sedlák
260 . ‡aPraha ‡bDědictví sv. Jana Nepomuckého ‡c1929
300 . ‡a84 s.
653 . ‡aCo sluší uvážiti o sv. Janu Nepomuckém ‡ak dvěstěletému jubileu jeho svatořečení 19. března 1929 ‡aProč nedošlo k svatořečení Jana Nepomuckého
700 . ‡73998 ‡aSedlák, Jan Nep.
8524 . ‡bETS ‡bETS ‡cVolný výběr ‡j282.092 ‡gP ‡p424470002667 ‡xreference
910 . ‡aABG450
999 . ‡a7386 ‡bAUTOGEN ‡c7386 ‡tbiblio
905 . ‡uadmin
901 . ‡a36664 ‡b ‡c36664 ‡tbiblio ‡sets

Additional Resources